|
|
|
|
| LEADER |
00000nam0a2200000 4500 |
| 001 |
328142 |
| 005 |
20231102004030.0 |
| 035 |
|
|
|a (RuTPU)RU\TPU\book\353842
|
| 090 |
|
|
|a 328142
|
| 100 |
|
|
|a 20170213d1962 k y0rusy50 ca
|
| 101 |
0 |
|
|a rus
|
| 102 |
|
|
|a RU
|
| 105 |
|
|
|a a z 000zy
|
| 200 |
1 |
|
|a Расчет переходных процессов в двухконтурных импульсных схемах
|e [отдельный оттиск]
|f С. В. Мелихов, И. П. Чучалин
|g Томский политехнический институт (ТПИ)
|
| 210 |
|
|
|a Томск
|c Изд-во ТПИ
|d 1962
|
| 215 |
|
|
|a C. 122-128
|c ил.
|
| 225 |
1 |
|
|a Известия Томского политехнического института
|v Т. 122
|
| 317 |
|
|
|5 63413507: КР-2201
|a Поступила в НТБ в 2017 г. в составе книжного собрания ректора ТПИ И. П. Чучалина
|
| 606 |
1 |
|
|a Электротехника
|x Физические основы
|2 stltpush
|3 (RuTPU)RU\TPU\subj\20903
|9 45964
|
| 610 |
1 |
|
|a импульсные схемы
|
| 610 |
1 |
|
|a переходные процессы
|
| 610 |
1 |
|
|a расчет
|
| 610 |
1 |
|
|a труды учёных ТПУ
|
| 610 |
1 |
|
|a коллекция И. П. Чучалина
|
| 610 |
1 |
|
|a дары библиотеке
|
| 675 |
|
|
|a 621.3:53
|v 4
|
| 700 |
|
1 |
|a Мелихов
|b С. В.
|c радиотехник
|c заведующий кафедрой средств радиосвязи Томского университета систем управления и радиоэлектроники (ТУСУР) с 2001
|f 1950-
|g Сергей Всеволодович
|2 stltpush
|3 (RuTPU)RU\TPU\pers\11854
|
| 701 |
|
1 |
|a Чучалин
|b И. П.
|c физик
|c ректор Томского института автоматизированных систем управления и радиоэлектроники (ТИАСУР), 1972-1981
|c ректор Томского политехнического института (ТПИ), 1981-1990
|c выпускник ФТФ ТПИ 1951 г.
|f 1925-
|g Иван Петрович
|2 stltpush
|3 (RuTPU)RU\TPU\pers\11823
|
| 712 |
0 |
2 |
|a Томский политехнический институт (ТПИ)
|c (1944-1991)
|2 stltpush
|3 (RuTPU)RU\TPU\col\1123
|
| 801 |
|
1 |
|a RU
|b 63413507
|c 20170213
|
| 801 |
|
2 |
|a RU
|b 63413507
|c 20190124
|g RCR
|
| 942 |
|
|
|c BK
|